Trouve le pays grace aux emojis - Statistiques

Statistiques générales
  • Ce quiz a été pris 268 fois
  • Le résultat moyen est 8 sur 13
Statistiques - réponses
Hint Réponse % Correct
🥖🗼🍷 France
99%
🍣🎌🌸 Japon
97%
🍀🍺🎶 Irlande
84%
🏛️🥙🌊 Grèce
80%
🧀🏔️🏞️ Suisse
70%
🕌☪️🍽️ Turquie
67%
🕌🐫🌅 Égypte
66%
🏜️🕌🍵 Maroc
66%
🍜🎶🎤 Corée du Sud
63%
🏰🥟❄️ Russie
49%
🏔️🐟🚢 Norvège
43%
🍷🏖️🌞 Portugal
35%
☕🌄🎉 Colombie
21%
Aucun quiz correspondant
Distribution des résultats
% des personnes avec chaque résultat
Percentile par nombre de réponses
Votre historique - résultats
Vous n’avez pas pris ce quiz